000 00520pab a2200193 454500
008 180718b2009 xxu||||| |||| 00| 0 eng d
100 _aDenison, Dwight V.
245 _aWhen states discriminate: the non-uniform tax treatment of municipal bond interest
260 _c2009
300 _ap.458-68.
362 _aMay-Jun
650 _aLocal government
650 _aTaxation
700 _aMoody, Michael J.
700 _aHackbart, Merl
773 _aPublic Administration Review
908 _aN
909 _a82611
999 _c82611
_d82611